The parathyroid glands and metabolic bone disease : (Record no. 44554)
[ view plain ]
| 000 -LEADER | |
|---|---|
| fixed length control field | 01250cam3a220032500 4500 |
| 001 - CONTROL NUMBER | |
| control field | qce02071681 |
| 005 - DATE AND TIME OF LATEST TRANSACTION | |
| control field | 20190813180141.0 |
| 008 - FIXED-LENGTH DATA ELEMENTS--GENERAL INFORMATION | |
| fixed length control field | 840128s1948 mdua b 001 0 eng |
| 010 ## - LIBRARY OF CONGRESS CONTROL NUMBER | |
| LC control number | 48009733 |
| 035 ## - SYSTEM CONTROL NUMBER | |
| System control number | (Sirsi) r24852 |
| 035 ## - SYSTEM CONTROL NUMBER | |
| System control number | (QCAT)lss03996341 |
| 035 ## - SYSTEM CONTROL NUMBER | |
| System control number | (UPRA)qce02071681 |
| 040 ## - CATALOGING SOURCE | |
| Modifying agency | UPRA |
| 050 0# - LIBRARY OF CONGRESS CALL NUMBER | |
| Classification number | RD684 |
| Item number | .A55 |
| 082 ## - DEWEY DECIMAL CLASSIFICATION NUMBER | |
| Classification number | 616.71 |
| 100 1# - MAIN ENTRY--PERSONAL NAME | |
| Personal name | Albright, Fuller, 1900-1969. |
| Dates associated with a name | Albright, Fuller, 1900-1969. |
| Linkage | A87796.1 |
| 245 14 - TITLE STATEMENT | |
| Title | The parathyroid glands and metabolic bone disease : |
| Remainder of title | selected studies / |
| Statement of responsibility, etc. | by Fuller Albright and Edward C. Reifenstein, Jr. |
| 260 ## - PUBLICATION, DISTRIBUTION, ETC. | |
| Place of publication, distribution, etc. | Baltimore : |
| Name of publisher, distributor, etc. | Williams & Wilkins, |
| Date of publication, distribution, etc. | 1948. |
| 500 ## - GENERAL NOTE | |
| General note | Includes index. |
| 504 ## - BIBLIOGRAPHY, ETC. NOTE | |
| Bibliography, etc. note | Bibliography: p. 312-332. |
| 650 #0 - SUBJECT ADDED ENTRY--TOPICAL TERM | |
| Topical term or geographic name entry element | Bones -- Diseases. |
| General subdivision | Bones -- Diseases. |
| Linkage | S20447.1 |
| 650 #0 - SUBJECT ADDED ENTRY--TOPICAL TERM | |
| Topical term or geographic name entry element | Parathyroid glands -- Diseases. |
| General subdivision | Parathyroid glands -- Diseases. |
| Linkage | S63166.1 |
| 650 #0 - SUBJECT ADDED ENTRY--TOPICAL TERM | |
| Topical term or geographic name entry element | Metabolism -- Disorders. |
| General subdivision | Metabolism -- Disorders. |
| Linkage | S8814.1 |
| 650 #2 - SUBJECT ADDED ENTRY--TOPICAL TERM | |
| Topical term or geographic name entry element | Bone Diseases, Metabolic |
| Linkage | S63167.1 |
| 650 #2 - SUBJECT ADDED ENTRY--TOPICAL TERM | |
| Topical term or geographic name entry element | Calcium |
| Linkage | S63168.1 |
| 650 #2 - SUBJECT ADDED ENTRY--TOPICAL TERM | |
| Topical term or geographic name entry element | Parathyroid Diseases |
| Linkage | S63169.1 |
| 700 1# - ADDED ENTRY--PERSONAL NAME | |
| Personal name | Reifenstein, Edward Conrad, 1908- |
| Dates associated with a name | Reifenstein, Edward Conrad, 1908- |
| Linkage | A87797.1 |
| 949 ## - LOCAL PROCESSING INFORMATION (OCLC) | |
| a | RD684 |
| w | LC |
| i | -24706 |
| m | MEDICAL |
| t | BOOK |
| l | ON-SHELF |
| Withdrawn status | Lost status | Source of classification or shelving scheme | Damaged status | Not for loan | Home library | Current library | Shelving location | Total Checkouts | Full call number | Barcode | Date last seen | Copy number | Price effective from | Koha item type |
|---|---|---|---|---|---|---|---|---|---|---|---|---|---|---|
| Library of Congress Classification | Medical Library | Medical Library | On Shelf | RD684 | -24706 | 08/13/2019 | 1 | 08/13/2019 | Book |